000 00680nam a2200289Ia 4500
005 20260324130226.0
008 008 260324s9999 xx 000 0 eng d
020 _a9781315415536
037 _aEBOOK
040 _aCRL
040 _beng
040 _cCRL
041 _2eng
041 _aeng
084 _qCRL
100 _aH.L. Goodall Jr
_91175750
245 0 _aWriting Qualitative Inquiry
245 0 _bSelf, Stories, and Academic Life
260 _bTaylor and Francis
260 _c2008
365 _a
365 _b220
856 _uhttp://www.taylorfrancis.com/books/9781315415536
942 _cEBOOK
999 _c1776963
_d1776963